[Event "POR-ch Seniors 65+"]
[Site "Luso"]
[Date "2017.04.11"]
[Round "4"]
[White "Nunes, Adelino Vitor"]
[Black "Fernandes, Jose Palma"]
[Result "1/2-1/2"]
[WhiteElo "1551"]
[BlackElo "1451"]
[PlyCount "96"]
[EventDate "2017.04.09"]
[EventType "swiss"]
[EventRounds "5"]
[EventCountry "POR"]
[SourceTitle "EXT 2018"]
[Source "ChessBase"]
[SourceDate "2017.10.13"]
[SourceVersion "1"]
[SourceVersionDate "2017.10.13"]
[SourceQuality "1"]

1. e4 e6 2. Nf3 d5 3. exd5 exd5 4. g3 Nf6 5. Bg2 Be7 6. b3 Nbd7 7. Bb2 c6 8. d4 0-0 9. 0-0 Re8 10. Nbd2 Bd6 11. a4 Ne4 12. c4 Nxd2 13. Nxd2 Nf6 14. c5 Bc7 15. b4 Bf5 16. Nb3 Qd7 17. a5 a6 18. Bc1 Ne4 19. Be3 h6 20. Rc1 Re7 21. Nd2 Rae8 22. Nxe4 Bxe4 23. Qd2 Bxg2 24. Kxg2 Re6 25. Rce1 Bd8 26. Bf4 Bc7 27. Rxe6 Rxe6 28. Bxc7 Qxc7 29. Re1 Re4 30. f3 Re7 31. Kf2 Qd7 32. Rxe7 Qxe7 33. Qe3 Qd7 34. h4 Kh7 35. g4 g6 36. Kg3 Kg7 37. f4 f6 38. g5 hxg5 39. hxg5 fxg5 40. Qe5+ Kh7 41. Qxg5 Qf7 42. Qe5 Qg7 43. Kg4 Qd7+ 44. f5 Kg8 45. Kg5 Qxf5+ 46. Qxf5 gxf5 47. Kxf5 Kf7 48. Ke5 Ke7 1/2-1/2

[Event "Coimbra Queima das Fitas op"]
[Site "Coimbra"]
[Date "2016.04.25"]
[Round "6"]
[White "Nunes, Adelino Vitor"]
[Black "Sousa, Hugo Carneiro"]
[Result "0-1"]
[WhiteElo "1556"]
[BlackElo "1921"]
[PlyCount "112"]
[EventDate "2016.04.22"]
[EventType "swiss"]
[EventRounds "7"]
[EventCountry "POR"]
[SourceTitle "EXT 2018"]
[Source "ChessBase"]
[SourceDate "2017.10.13"]
[SourceVersion "1"]
[SourceVersionDate "2017.10.13"]
[SourceQuality "1"]

1. e4 e6 2. Nf3 d5 3. exd5 exd5 4. d4 Bd6 5. g3 Nc6 6. Bg2 Nge7 7. a3 Bf5 8. b4 Ng6 9. 0-0 Qd7 10. Nc3 Nce7 11. Re1 0-0-0 12. Ne5 Bxe5 13. dxe5 h5 14. Bg5 Be6 15. h4 Rdf8 16. a4 f6 17. exf6 gxf6 18. Be3 Rhg8 19. Qd4 Nc6 20. Qc5 Nxh4 21. b5 Nb8 22. Bf4 Nxg2 23. Kxg2 b6 24. Qxc7+ Qxc7 25. Bxc7 Re8 26. Bxb8 Kxb8 27. Ne2 Rc8 28. Nd4 Bd7 29. Re7 Rc7 30. a5 Kb7 31. a6+ Kc8 32. Rae1 h4 33. R1e3 hxg3 34. fxg3 Rf8 35. c3 Kd8 36. Nc6+ Bxc6 37. Rxc7 Kxc7 38. bxc6 Kd6 39. Kf3 Rf7 40. Re8 Kxc6 41. Rb8 Rc7 42. Kf4 Kb5 43. Rb7 Rc4+ 44. Kf5 Rxc3 45. Rxa7 Rxg3 46. Kxf6 Ra3 47. Rd7 Kxa6 48. Rxd5 Re3 49. Kf5 b5 50. Kf4 Re1 51. Re5 Rxe5 52. Kxe5 Ka5 53. Kd4 Kb4 54. Kd3 Kb3 55. Kd2 b4 56. Kc1 Ka2 0-1

[Event "POR-ch prel"]
[Site "Lisbon"]
[Date "2015.03.09"]
[Round "3"]
[White "Santos, Julio Fernandes"]
[Black "Nunes, Adelino Vitor"]
[Result "1-0"]
[WhiteElo "1892"]
[BlackElo "1650"]
[PlyCount "83"]
[EventDate "2015.03.08"]
[EventType "swiss"]
[EventRounds "9"]
[EventCountry "POR"]
[SourceTitle "EXT 2018"]
[Source "ChessBase"]
[SourceDate "2017.10.13"]
[SourceVersion "1"]
[SourceVersionDate "2017.10.13"]
[SourceQuality "1"]

1. e4 g6 2. c4 Bg7 3. d4 d6 4. Nc3 Nf6 5. Be2 0-0 6. Be3 Nbd7 7. Qd2 e5 8. d5 b6 9. Bg5 a5 10. h4 Nc5 11. h5 Qd7 12. Rh4 Ba6 13. Bh6 Qe7 14. Qg5 Bxh6 15. Qxh6 Nxh5 16. Nf3 f6 17. 0-0-0 Qg7 18. Qe3 f5 19. exf5 Nf4 20. Bf1 Rxf5 21. g3 g5 22. Rh2 Ng6 23. Bh3 Rf6 24. Nxg5 h6 25. Nge4 Nxe4 26. Nxe4 Raf8 27. Nxf6+ Rxf6 28. Be6+ Kh7 29. Qe4 Kh8 30. Rdh1 Nf8 31. Rh5 Bb7 32. Bg4 Nh7 33. Bf5 Ng5 34. Qg4 Kg8 35. R1h4 c6 36. f4 exf4 37. gxf4 Nf7 38. Qe2 Qg1+ 39. Kc2 Qd4 40. Qe8+ Kg7 41. Rg4+ Ng5 42. Rgxg5+ 1-0

[Event "Lisbon-ch"]
[Site "Lisbon"]
[Date "2015.02.12"]
[Round "7"]
[White "Nunes, Adelino Vitor"]
[Black "Santos, Jose Manuel Duarte "]
[Result "0-1"]
[WhiteElo "1588"]
[BlackElo "1872"]
[PlyCount "108"]
[EventDate "2015.01.27"]
[EventType "swiss"]
[EventRounds "7"]
[EventCountry "POR"]
[SourceTitle "CBM 164 Extra"]
[Source "ChessBase"]
[SourceDate "2015.03.02"]
[SourceVersion "1"]
[SourceVersionDate "2015.03.02"]
[SourceQuality "1"]

1. e4 Nf6 2. d3 e5 3. Nf3 Nc6 4. g3 d5 5. exd5 Nxd5 6. Nbd2 Be6 7. Bg2 f6 8. 0-0 Qd7 9. a3 0-0-0 10. Ne4 Be7 11. Qe2 Bh3 12. Be3 g5 13. Bc5 Bxg2 14. Kxg2 h5 15. Bxe7 Qxe7 16. h4 gxh4 17. Nxh4 Nd4 18. Qd1 Rdg8 19. Rh1 f5 20. Nc3 Nf6 21. Ne2 Qd7 22. Nxd4 exd4 23. Qf3 Rg5 24. c4 Ng4 25. b4 Ne5 26. Qf4 Qc6+ 27. f3 Qf6 28. Qxd4 Rd8 29. Qxa7 Nxd3 30. Qa8+ Kd7 31. Qxb7 Nf4+ 32. Kf2 Qb2+ 33. Ke3 Re8+ 34. Qe4 Qe2+ 35. Kd4 Qf2+ 36. Kc3 fxe4 37. gxf4 exf3 38. Rad1+ Kc6 39. fxg5 Re3+ 40. Rd3 Rxd3+ 41. Kxd3 Qe2+ 42. Kd4 f2 43. Nf5 f1Q 44. Rxf1 Qxf1 45. b5+ Kd7 46. Ke5 Qxc4 47. Kf6 Qe6+ 48. Kg7 Qxf5 49. g6 h4 50. Kh7 h3 51. Kg7 h2 52. Kh7 Ke7 53. Kg7 Qf8+ 54. Kh7 h1Q# 0-1

[Event "POR-ch Seniors"]
[Site "Torres Vedras"]
[Date "2014.01.14"]
[Round "3"]
[White "Nunes, Adelino Vitor"]
[Black "Dias, Jose Oliveira Gaspa"]
[Result "0-1"]
[WhiteElo "1595"]
[BlackElo "1643"]
[PlyCount "62"]
[EventDate "2014.01.12"]
[EventType "swiss"]
[EventRounds "7"]
[EventCountry "POR"]
[SourceTitle "EXT 2015"]
[Source "ChessBase"]
[SourceDate "2014.11.20"]
[SourceVersion "1"]
[SourceVersionDate "2014.11.20"]
[SourceQuality "1"]

1. e4 d5 2. exd5 Qxd5 3. Nf3 Nf6 4. c4 Qd6 5. Be2 e5 6. 0-0 e4 7. Ne1 Nc6 8. Nc2 Be6 9. Nc3 a6 10. b3 0-0-0 11. a4 Qe5 12. Ne3 h5 13. f4 exf3 14. Rxf3 Bc5 15. Kh1 Ng4 16. Nxg4 hxg4 17. h3 gxf3 18. Bxf3 Nd4 19. Bg4 f5 20. Bf3 Nxf3 21. Qxf3 Qe1+ 22. Kh2 Qg1+ 23. Kg3 Bd6+ 24. Qf4 Bxf4+ 25. Kxf4 Qh2+ 26. Kf3 g5 27. Ne2 g4+ 28. hxg4 fxg4+ 29. Kf2 Rdf8+ 30. Ke3 Qe5+ 31. Kd3 Bf5# 0-1